Städte in Italien - Sudden Death - Statistiken

Allgemein
  • Dieses Quiz wurde 161 mal gespielt
  • Das Durchschnittsergebnis liegt bei 20 aus 24
Answers on the Grid
Answers color-coded by a green-red scale on the quiz's grid according to % correct below.
Amalfi
Bari
Barranquilla
Bologna
Cagliari
Cincinnati
Curitiba
Florenz
Genua
Mailand
Manila
Mekka
Messina
Modena
Neapel
Odessa
Padua
Palermo
Parma
Perugia
Pisa
Ravenna
Riga
Rom
Salerno
Sausalito
Siena
Sotschi
Syrakus
Trient
Tripolis
Turin
Valencia
Venedig
Verona
 
Antwortstatistiken
Antwort % Korrekt
Florenz
98%
Mailand
97%
Bologna
96%
Rom
96%
Pisa
95%
Neapel
94%
Palermo
94%
Genua
93%
Cagliari
92%
Parma
92%
Venedig
92%
Turin
91%
Verona
91%
Bari
85%
Modena
81%
Salerno
81%
Siena
77%
Perugia
76%
Amalfi
74%
Ravenna
72%
Padua
71%
Trient
71%
Messina
70%
Syrakus
42%
Keine übereinstimmenden Quizze gefunden
Verteilung der Resultate
Anzahl Personen mit jedem Resultat
Perzentil nach korrekt beantworteten Fragen
Ihre Resultats-Entwicklung
Sie haben dieses Quiz noch nicht gespielt